[Event "Delkanda Inter Club-chT"]
[Site "Delkanda"]
[Date "2021.02.28"]
[Round "6.1"]
[White "Randil, Lakshita"]
[Black "Madusanka, LPD"]
[Result "1/2-1/2"]
[WhiteElo "1952"]
[BlackElo "1675"]
[PlyCount "85"]
[EventDate "2021.02.26"]
[EventType "team-tourn"]
[EventRounds "9"]
[EventCountry "SRI"]
[SourceTitle "EXT 2022"]
[Source "ChessBase"]
[SourceDate "2021.10.06"]
[SourceVersion "1"]
[SourceVersionDate "2021.10.06"]
[SourceQuality "1"]
[WhiteTeam "Jayewardenepura Univ"]
[BlackTeam "Sri Lanka Navy CC"]
[WhiteTeamCountry "SRI"]
[BlackTeamCountry "SRI"]

1. Nf3 e6 2. c4 f5 3. g3 Nf6 4. Bg2 Be7 5. 0-0 0-0 6. b3 Ne4 7. Bb2 Bf6 8. d4 d5 9. Nc3 c6 10. e3 Qe8 11. Ne2 Na6 12. Ne5 Nc7 13. Ba3 Be7 14. Bxe7 Qxe7 15. f3 Nd6 16. Nf4 Nce8 17. Qe2 Nf6 18. c5 Nf7 19. Nfd3 Nxe5 20. Nxe5 Nd7 21. Nxd7 Bxd7 22. f4 Rf6 23. a4 Raf8 24. b4 a6 25. Rf2 h6 26. Bf1 g5 27. Rg2 Rg6 28. Kh1 Qg7 29. Qd2 h5 30. b5 cxb5 31. axb5 axb5 32. Ra5 gxf4 33. gxf4 Rff6 34. Bxb5 Bxb5 35. Rxb5 h4 36. h3 Rxg2 37. Qxg2 Rg6 38. Qf2 Rg3 39. Kh2 Qd7 40. Rb1 Qa4 41. Rg1 Rxg1 42. Qxg1+ Kf7 43. Qf2 1/2-1/2

[Event "Negambo op 4th"]
[Site "Negambo"]
[Date "2018.08.18"]
[Round "5"]
[White "Wijekoon, Chandana"]
[Black "Madusanka, LPD"]
[Result "1-0"]
[WhiteElo "1980"]
[BlackElo "1642"]
[PlyCount "109"]
[EventDate "2018.08.16"]
[EventType "swiss"]
[EventRounds "10"]
[EventCountry "SRI"]
[SourceTitle "CBM 186 Extra"]
[Source "ChessBase"]
[SourceDate "2018.08.24"]
[SourceVersion "1"]
[SourceVersionDate "2018.08.24"]
[SourceQuality "1"]

1. e4 c6 2. d4 d5 3. exd5 cxd5 4. c4 e6 5. Nf3 Nc6 6. Nc3 Nf6 7. Bg5 Be7 8. c5 a6 9. a3 Ne4 10. Bxe7 Nxc3 11. Bxd8 Nxd1 12. Rxd1 Nxd8 13. Bd3 Nc6 14. Kd2 f6 15. Rhe1 0-0 16. Kc3 Bd7 17. b4 e5 18. dxe5 fxe5 19. Nxe5 Nxe5 20. Rxe5 Rxf2 21. Rxd5 Bc6 22. Bc4 Kf8 23. R5d2 Rxg2 24. Rf1+ Ke8 25. Rxg2 Bxg2 26. Rg1 Bc6 27. Rxg7 Rd8 28. Rxh7 Rd1 29. Rh3 Rc1+ 30. Kd4 Rd1+ 31. Rd3 Rh1 32. h3 Kd7 33. Bd5 Rc1 34. Bxc6+ Kxc6 35. Ke4 a5 36. Kf5 Rc4 37. Rb3 axb4 38. axb4 b6 39. cxb6 Kxb6 40. Kg5 Rc8 41. h4 Rg8+ 42. Kf6 Rh8 43. Rh3 Rf8+ 44. Kg7 Rf1 45. h5 Rg1+ 46. Kf6 Rf1+ 47. Ke5 Re1+ 48. Kd4 Rd1+ 49. Kc3 Rc1+ 50. Kb2 Rc7 51. h6 Rh7 52. Rh5 Kc6 53. Kc3 Kb6 54. Kd4 Kc6 55. Ke5 1-0

[Event "Ambalangoda Dhamso op 8th"]
[Site "Ambalangoda"]
[Date "2018.04.20"]
[Round "4"]
[White "Wimalasuriya, M Sachithra"]
[Black "Madusanka, LPD"]
[Result "1/2-1/2"]
[WhiteElo "1321"]
[BlackElo "1724"]
[PlyCount "70"]
[EventDate "2018.04.19"]
[EventType "swiss"]
[EventRounds "9"]
[EventCountry "SRI"]
[SourceTitle "CBM 184 Extra"]
[Source "ChessBase"]
[SourceDate "2018.06.28"]
[SourceVersion "1"]
[SourceVersionDate "2018.06.28"]
[SourceQuality "1"]

1. Nf3 Nf6 2. c4 g6 3. Nc3 Bg7 4. d4 0-0 5. Bf4 d6 6. e3 Nbd7 7. a3 c5 8. Be2 b6 9. 0-0 Bb7 10. h3 Nh5 11. Bh2 e5 12. Nd2 Nhf6 13. Bf3 Bxf3 14. Nxf3 Ne8 15. Qd3 f5 16. dxe5 Nxe5 17. Qd5+ Kh8 18. Nxe5 dxe5 19. Rad1 Nc7 20. Qd6 Re8 21. Rd2 Qe7 22. Rfd1 Kg8 23. Qc6 Ne6 24. Rd7 Qf8 25. R1d6 Ng5 26. Nb5 Ne4 27. Qd5+ Kh8 28. Rf7 Qg8 29. Rfd7 Nf6 30. Rxf6 Qxd5 31. Rxd5 Bxf6 32. Nc7 Rad8 33. Nxe8 Rxe8 34. Rd7 Rd8 35. Rxd8+ Bxd8 1/2-1/2

[Event "Negombo op 3rd"]
[Site "Negambo"]
[Date "2017.08.23"]
[Round "8"]
[White "Perera, D Upashan L"]
[Black "Madusanka, LPD"]
[Result "0-1"]
[WhiteElo "1404"]
[BlackElo "1722"]
[PlyCount "49"]
[EventDate "2017.08.20"]
[EventType "swiss"]
[EventRounds "10"]
[EventCountry "SRI"]
[SourceTitle "CBM 180 Extra"]
[Source "ChessBase"]
[SourceDate "2017.10.06"]
[SourceVersion "1"]
[SourceVersionDate "2017.10.06"]
[SourceQuality "1"]

1. d4 c6 2. Nf3 d5 3. e3 e6 4. Bd3 f5 5. b3 Nf6 6. Bb2 Bd6 7. Nbd2 0-0 8. c4 Ne4 9. Ne5 Nd7 10. 0-0 Ndf6 11. f3 Nxd2 12. Qxd2 Qe7 13. Rae1 Nd7 14. Nxd7 Bxd7 15. e4 dxe4 16. fxe4 fxe4 17. Bxe4 Rxf1+ 18. Rxf1 Qh4 19. Bxh7+ Qxh7 20. g3 Rf8 21. Re1 Qf5 22. Qe2 c5 23. Ba3 b6 24. Qe3 Rf6 25. Qd2 0-1

[Event "Negombo op 3rd"]
[Site "Negambo"]
[Date "2017.08.21"]
[Round "3"]
[White "Madusanka, LPD"]
[Black "Lokubalasuriya, Malika"]
[Result "1-0"]
[WhiteElo "1722"]
[BlackElo "1180"]
[PlyCount "60"]
[EventDate "2017.08.20"]
[EventType "swiss"]
[EventRounds "10"]
[EventCountry "SRI"]
[SourceTitle "CBM 180 Extra"]
[Source "ChessBase"]
[SourceDate "2017.10.06"]
[SourceVersion "1"]
[SourceVersionDate "2017.10.06"]
[SourceQuality "1"]

1. e4 e5 2. Nf3 Nc6 3. d4 exd4 4. Nxd4 Bb4+ 5. c3 Bc5 6. Be3 Nf6 7. Nxc6 dxc6 8. Qxd8+ Kxd8 9. Bxc5 Nxe4 10. Be3 Bf5 11. Nd2 Nxd2 12. 0-0-0 Ke7 13. Rxd2 Rhd8 14. Bc5+ Kf6 15. Bd4+ Kg6 16. f3 Rd7 17. g4 Be6 18. h4 f6 19. Bd3+ Kf7 20. Bxh7 c5 21. Be3 g6 22. h5 gxh5 23. Rxh5 Kg7 24. Be4 Bf7 25. Rh7+ Kg8 26. Rdh2 Kf8 27. Bxc5+ Ke8 28. Rh8+ Bg8 29. Bg6+ Rf7 30. Rxg8+ Kd7 1-0

[Event "Negombo op 2nd"]
[Site "Negombo"]
[Date "2016.08.17"]
[Round "9"]
[White "Madusanka, LPD"]
[Black "Katugampola, AH."]
[Result "1-0"]
[WhiteElo "1745"]
[BlackElo "1495"]
[PlyCount "41"]
[EventDate "2016.08.13"]
[EventType "swiss"]
[EventRounds "9"]
[EventCountry "SRI"]
[SourceTitle "EXT 2019"]
[Source "ChessBase"]
[SourceDate "2018.10.10"]
[SourceVersion "1"]
[SourceVersionDate "2018.10.10"]
[SourceQuality "1"]

1. e4 e5 2. Bc4 Nf6 3. d3 h6 4. Ne2 Bc5 5. h3 d6 6. Ng3 Nc6 7. c3 Be6 8. Bb3 0-0 9. Qf3 d5 10. 0-0 dxe4 11. dxe4 Bxb3 12. axb3 Nh7 13. Nf5 Qf6 14. Qg3 Qg6 15. Qf3 Ng5 16. Qg4 Ne7 17. b4 Bd6 18. Nxd6 cxd6 19. Bxg5 hxg5 20. Qd7 Qf6 21. Qxb7 1-0

[Event "Negombo op 2nd"]
[Site "Negombo"]
[Date "2016.08.15"]
[Round "5"]
[White "Madusanka, LPD"]
[Black "Kumarasinghe, P Sandaru Kaushal"]
[Result "0-1"]
[WhiteElo "1745"]
[BlackElo "1233"]
[PlyCount "50"]
[EventDate "2016.08.13"]
[EventType "swiss"]
[EventRounds "9"]
[EventCountry "SRI"]
[SourceTitle "EXT 2019"]
[Source "ChessBase"]
[SourceDate "2018.10.10"]
[SourceVersion "1"]
[SourceVersionDate "2018.10.10"]
[SourceQuality "1"]

1. e4 d6 2. d4 Nf6 3. Nc3 e5 4. Nf3 Bg4 5. dxe5 Bxf3 6. Qxf3 dxe5 7. Bg5 Be7 8. Rd1 Nbd7 9. Bxf6 Bxf6 10. Qg4 c6 11. Bc4 Rf8 12. 0-0 Qc7 13. Rd3 Nc5 14. Rd2 b5 15. Nxb5 cxb5 16. Bxb5+ Ke7 17. b4 Rab8 18. bxc5 Rxb5 19. Rfd1 Ke8 20. Rd7 Qc6 21. R7d6 Qc7 22. c6 Rb6 23. Qe2 a6 24. h3 Be7 25. Qd3 f5 0-1

[Event "Ambalangoda Dhamso op 6th"]
[Site "Ambalangoda"]
[Date "2016.04.30"]
[Round "4"]
[White "Sandeepa, H Niruksha Akshith"]
[Black "Madusanka, LPD"]
[Result "1/2-1/2"]
[WhiteElo "1851"]
[BlackElo "1717"]
[PlyCount "47"]
[EventDate "2016.04.29"]
[EventType "swiss"]
[EventRounds "9"]
[EventCountry "SRI"]
[SourceTitle "EXT 2017"]
[Source "ChessBase"]
[SourceDate "2016.10.25"]
[SourceVersion "1"]
[SourceVersionDate "2016.10.25"]
[SourceQuality "1"]

1. e4 d5 2. exd5 Qxd5 3. Nc3 Qd8 4. d4 c6 5. Bc4 Nf6 6. Nf3 Bf5 7. Qe2 e6 8. Bf4 Be7 9. h3 Nbd7 10. g4 Bg6 11. 0-0-0 Nb6 12. Bb3 Nbd5 13. Nxd5 Nxd5 14. Be5 Bf6 15. h4 h5 16. g5 Bxe5 17. Nxe5 Bf5 18. g6 fxg6 19. a3 Nb6 20. Nxg6 Rh6 21. Nf4 Qc7 22. Qe3 0-0-0 23. c4 Qd7 24. Rhe1 1/2-1/2

[Event "SRI-chB"]
[Site "Malabe"]
[Date "2015.06.27"]
[Round "8"]
[White "Naotunna, DR."]
[Black "Madusanka, LPD"]
[Result "1/2-1/2"]
[WhiteElo "1746"]
[BlackElo "1737"]
[PlyCount "61"]
[EventDate "2015.06.19"]
[EventType "swiss"]
[EventRounds "10"]
[EventCountry "SRI"]
[SourceTitle "CBM 167 Extra"]
[Source "ChessBase"]
[SourceDate "2015.09.14"]
[SourceVersion "1"]
[SourceVersionDate "2015.09.14"]
[SourceQuality "1"]

1. d4 f5 2. e4 fxe4 3. Nc3 Nf6 4. g4 d5 5. g5 Bg4 6. Be2 Bxe2 7. Qxe2 Ng8 8. Qb5+ Nd7 9. Qxd5 c6 10. Qe6 Qb6 11. Nge2 c5 12. Qxb6 axb6 13. d5 h6 14. Nxe4 hxg5 15. Bxg5 Ngf6 16. Bxf6 Nxf6 17. Nxf6+ exf6 18. c4 Bd6 19. Nc3 Bxh2 20. Kf1 0-0-0 21. Kg2 Be5 22. Na4 Kc7 23. Rhe1 Rhe8 24. b3 Rh8 25. f4 Bd6 26. Re6 Rh4 27. Kg3 Rh6 28. Kg4 Rh2 29. Nc3 Kd7 30. Nb5 Bb8 31. Rxb6 1/2-1/2

[Event "SRI-chB"]
[Site "Malabe"]
[Date "2015.06.20"]
[Round "4"]
[White "Anojman, S."]
[Black "Madusanka, LPD"]
[Result "1/2-1/2"]
[WhiteElo "1610"]
[BlackElo "1737"]
[PlyCount "63"]
[EventDate "2015.06.19"]
[EventType "swiss"]
[EventRounds "10"]
[EventCountry "SRI"]
[SourceTitle "CBM 167 Extra"]
[Source "ChessBase"]
[SourceDate "2015.09.14"]
[SourceVersion "1"]
[SourceVersionDate "2015.09.14"]
[SourceQuality "1"]

1. d4 f5 2. e4 fxe4 3. Nc3 Nf6 4. f3 e3 5. Bxe3 e6 6. Bc4 Bb4 7. Nge2 Nc6 8. 0-0 d5 9. Bb5 0-0 10. a3 Bd6 11. Qd2 a6 12. Bd3 e5 13. Rae1 exd4 14. Nxd4 Nxd4 15. Bxd4 c6 16. Na4 Qc7 17. f4 c5 18. Be5 d4 19. b4 b6 20. bxc5 bxc5 21. Bc4+ Kh8 22. c3 Bd7 23. Nb2 Bxe5 24. fxe5 dxc3 25. Qxc3 Ng4 26. Rxf8+ Rxf8 27. h3 Nh6 28. e6 Be8 29. e7 Rf6 30. Qd3 Nf7 31. Qd5 Qf4 32. Nd3 1/2-1/2

[Event "Ambalangoda Dhamso op 5th"]
[Site "Ambalangoda"]
[Date "2015.05.31"]
[Round "6"]
[White "Madusanka, LPD"]
[Black "Gallage, Sudara TP"]
[Result "1-0"]
[WhiteElo "1737"]
[BlackElo "1368"]
[PlyCount "83"]
[EventDate "2015.05.29"]
[EventType "swiss"]
[EventRounds "9"]
[EventCountry "SRI"]
[SourceTitle "EXT 2016"]
[Source "ChessBase"]
[SourceDate "2015.10.08"]
[SourceVersion "1"]
[SourceVersionDate "2015.10.08"]
[SourceQuality "1"]

1. e4 d6 2. d4 g6 3. Nc3 Bg7 4. Nf3 Bg4 5. Bc4 Bxf3 6. Qxf3 e6 7. Be3 c6 8. 0-0 d5 9. exd5 cxd5 10. Nxd5 Nc6 11. Nc3 Nge7 12. d5 exd5 13. Bxd5 Nxd5 14. Nxd5 0-0 15. Rad1 Qc8 16. c3 Ne5 17. Qf4 Qg4 18. Qxg4 Nxg4 19. Bc5 Rfd8 20. Be7 Rd7 21. h3 Ne5 22. Rfe1 Kh8 23. Bf6 Bxf6 24. Nxf6 Rxd1 25. Rxd1 Kg7 26. Ng4 Nxg4 27. hxg4 Re8 28. Rd7 Rb8 29. c4 a6 30. Kf1 Kf6 31. f4 Ke6 32. Rc7 b6 33. Ke2 a5 34. a4 Rd8 35. Rc6+ Rd6 36. Rxd6+ Kxd6 37. Kd3 Kc5 38. Kc3 Kc6 39. b4 Kd7 40. bxa5 bxa5 41. Kd4 Kc7 42. c5 1-0

[Event "Ambalangoda Dhamso op 5th"]
[Site "Ambalangoda"]
[Date "2015.05.30"]
[Round "4"]
[White "Madusanka, LPD"]
[Black "De Silva, Nirosh"]
[Result "0-1"]
[WhiteElo "1737"]
[BlackElo "2234"]
[PlyCount "64"]
[EventDate "2015.05.29"]
[EventType "swiss"]
[EventRounds "9"]
[EventCountry "SRI"]
[SourceTitle "EXT 2016"]
[Source "ChessBase"]
[SourceDate "2015.10.08"]
[SourceVersion "1"]
[SourceVersionDate "2015.10.08"]
[SourceQuality "1"]

1. e4 c5 2. c3 e6 3. d4 d5 4. exd5 exd5 5. Nf3 Nf6 6. Be2 Nc6 7. 0-0 Bd6 8. Bg5 Be6 9. Nbd2 h6 10. Bh4 Qb6 11. dxc5 Bxc5 12. Nb3 Be7 13. Nfd4 0-0 14. Nxe6 fxe6 15. Kh1 Ne4 16. Bxe7 Nxe7 17. Qd4 Nxf2+ 18. Kg1 Ne4 19. Bd3 Rxf1+ 20. Rxf1 Nf6 21. Re1 Nc6 22. Qxb6 axb6 23. a3 e5 24. Bb5 Re8 25. Nd2 e4 26. Nb3 Rd8 27. Rd1 Ng4 28. Nd4 Ne3 29. Rd2 Nxd4 30. Rxd4 Nf5 31. Rd1 h5 32. h3 h4 0-1

[Event "Ambalangoda Dhamso op 4th"]
[Site "Ambalangoda"]
[Date "2014.05.03"]
[Round "7"]
[White "Madusanka, LPD"]
[Black "Perera, AGM Buddhini"]
[Result "1-0"]
[WhiteElo "1720"]
[BlackElo "1508"]
[PlyCount "61"]
[EventDate "2014.04.30"]
[EventType "swiss"]
[EventRounds "9"]
[EventCountry "SRI"]
[SourceTitle "CBM 160 Extra"]
[Source "ChessBase"]
[SourceDate "2014.07.01"]
[SourceVersion "1"]
[SourceVersionDate "2014.07.01"]
[SourceQuality "1"]

1. e4 d5 2. exd5 Qxd5 3. Nc3 Qa5 4. Bc4 Bf5 5. Nf3 Nf6 6. d4 c6 7. Bd2 Qc7 8. 0-0 e6 9. Re1 Be7 10. Rc1 h6 11. Qe2 0-0 12. Bb3 Bd6 13. Ne5 Bxe5 14. dxe5 Nd5 15. Nxd5 cxd5 16. Qf3 Be4 17. Qg3 Kh7 18. c4 Qd7 19. cxd5 Bxd5 20. Qd3+ g6 21. Bxd5 exd5 22. Qe3 g5 23. Qd3+ Kg8 24. e6 Qd6 25. exf7+ Rxf7 26. Re8+ Rf8 27. Rxf8+ Kxf8 28. Rc8+ Ke7 29. Qh7+ Ke6 30. Re8+ Kf6 31. Qxh6+ 1-0

[Event "Ambalangoda Dhamso op 3rd"]
[Site "Ambalangoda"]
[Date "2013.02.24"]
[Round "7"]
[White "Egodage, Thilina Sampath"]
[Black "Madusanka, LPD"]
[Result "1-0"]
[WhiteElo "1797"]
[BlackElo "1766"]
[PlyCount "88"]
[EventDate "2013.02.21"]
[EventType "swiss"]
[EventRounds "9"]
[EventCountry "SRI"]
[SourceTitle "CBM 153 Extra"]
[Source "ChessBase"]
[SourceDate "2013.04.22"]
[SourceVersion "1"]
[SourceVersionDate "2013.04.22"]
[SourceQuality "1"]

1. d4 e6 2. c4 f5 3. d5 e5 4. e4 d6 5. Nc3 Nf6 6. Bd3 f4 7. g4 fxg3 8. hxg3 Na6 9. b4 Bd7 10. Rb1 c6 11. Bg5 Be7 12. dxc6 bxc6 13. c5 Nc7 14. Bxf6 Bxf6 15. cxd6 Ne6 16. Nf3 0-0 17. Bc4 Kh8 18. Na4 Rb8 19. a3 a5 20. Nc5 Nxc5 21. bxc5 Bg4 22. Be2 a4 23. 0-0 Qa5 24. Qc2 Rb3 25. Rxb3 axb3 26. Qxb3 Qxc5 27. Rd1 Bd8 28. Kg2 Bxf3+ 29. Bxf3 h6 30. Qb4 Qxb4 31. axb4 Rf6 32. Bg4 Kg8 33. f3 g6 34. Bd7 Kf7 35. Bxc6 Ke6 36. b5 Kf7 37. d7 Ke6 38. Rh1 h5 39. Ra1 Kd6 40. Rd1+ Ke6 41. Bb7 Rf8 42. Bc8 g5 43. Ra1 Kd6 44. Ra6+ Ke7 1-0